Guatemala Country Quiz - Statistics

General Stats
  • This quiz has been taken 171 times
  • The average score is 5 of 14
Answer Stats
Hint Answer % Correct
Capital Guatemala City
100%
Currency Quetzal
76%
"Lost City of the Maya" Tikal
66%
Largest volcanic lake Lake Atitlan
53%
Largest Department Peten
53%
Largest Lake Lake Izabal
26%
Second largest city Mixco
23%
Third largest city Villa Nueva
22%
Above is in what mountain range? Sierra Madre
19%
Highest Point Volcan Tajumulco
19%
Largest Pacific Port Puerto Quetzal
13%
Largest lake in the north Lake Peten-Itza
12%
River between Mexico and Guatemala Usumacinta River
10%
Longest mountain range Chuchumatanes Mountains
2%
No matching quizzes found
Score Distribution
Percent of People with Each Score
Percentile by Number Answered
Your Score History
You have not taken this quiz